Artificial Intelligence: Foundations of Computational Agents

Uloženo v:
Podrobná bibliografie
Hlavní autor: Poole, David L. and Mackworth, Alan K.
Médium: Kniha
Vydáno: CUP
Tagy: Přidat tag
Žádné tagy, Buďte první, kdo vytvoří štítek k tomuto záznamu!

MARC

LEADER 00000nam a2200000Ia 4500
005 20260515061617.0
100 |a Poole, David L. and Mackworth, Alan K. 
020 |a 9781009258197 
942 |c BK 
245 |a Artificial Intelligence: Foundations of Computational Agents 
260 |b CUP 
999 |c 58  |d 58 
952 |0 0  |1 0  |4 0  |7 0  |a ABDN  |b ABDN  |d 2026-05-15  |l 0  |p 000090  |r 2026-05-15 06:16:17  |w 2026-05-15  |y BK